Concepts of modern art. (Record no. 160)

MARC details
000 -LEADER
campo de control de longitud fija 01485nam a2200289 a 4500
001 - NÚMERO DE CONTROL
campo de control 2928493
003 - IDENTIFICADOR DE NÚMERO DE CONTROL
campo de control ZMNBVFGGT
005 - FECHA Y HORA DE LA ÚLTIMA TRANSACCIÓN
campo de control 20220326193253.0
008 - DATOS DE LONGITUD FIJA--INFORMACIÓN GENERAL
campo de control de longitud fija 891227s1989 nyua b 001 0 eng
010 ## - NÚMERO DE CONTROL DE LA BIBLIOTECA DEL CONGRESO
Número de control de LC 89052177
020 ## - NÚMERO INTERNACIONAL ESTÁNDAR DEL LIBRO
Número Internacional Estándar del Libro 0500201862 :
Condiciones de disponibilidad $11.95
040 ## - FUENTE DE CATALOGACIÓN
Centro catalogador/agencia de origen DLC
Centro/agencia transcriptor DLC
050 00 - SIGNATURA TOPOGRÁFICA DE LA BIBLIOTECA DEL CONGRESO
Número de clasificación N6490
Número de ítem .C65617 1989
082 00 - NÚMERO DE LA CLASIFICACIÓN DECIMAL DEWEY
Número de clasificación 709.04
Número de ítem C744c
245 00 - MENCIÓN DEL TÍTULO
Título Concepts of modern art.
250 ## - MENCION DE EDICION
Mención de edición Rev. and enl. ed. /
Resto de la mención de edición edited by Nikos Stangos.
260 ## - PUBLICACIÓN, DISTRIBUCIÓN, ETC.
Lugar de publicación, distribución, etc. New York, N.Y. :
Nombre del editor, distribuidor, etc. Thames and Hudson,
Fecha de publicación, distribución, etc. 1985
300 ## - DESCRIPCIÓN FÍSICA
Extensión 384 p. :
Otras características físicas ill. ;
Dimensiones 21 cm.
440 #0 - MENCIÓN DE SERIE/PUNTO DE ACCESO ADICIONAL--TÍTULO
Título World of art
9 (RLIN) 774
504 ## - NOTA DE BIBLIOGRAFÍA, ETC.
Nota de bibliografía, etc. Includes bibliographical references (p. [373]-377) and index.
505 ## - NOTA DE CONTENIDO CON FORMATO
Título Preface. Nikos Stangos
-- Fauvism. Sarah Whitfield
-- Expressionism. Norbert Lynton
-- Cubism. John Golding
-- Purism. Christopher Green
-- Orphism. Virginia Spate
-- Futurism. Norbert Lynton
-- Vorticism. Paul Overy
-- Dada and Surrealism. Dawn Ades
-- Suprematism. Aaron Scharf
-- De Stijl. Kenneth Frampton
-- Constructivism. Aaron Scharf
-- Abstract Expressionism. Charles Harrison
-- Kinetic Art. Cyril Barret
-- Pop Art. Edward Lucie-Smith
-- Op Art. Jasia Reichardt
-- Minimalism. Suzi Gablik
-- Conceptual Art. Robert Smith
-- The Plates List of Illustrations Select Bibliographies Index
650 #0 - PUNTO DE ACCESO ADICIONAL DE MATERIA--TÉRMINO DE MATERIA
Término de materia o nombre geográfico como elemento de entrada Art, Modern
Subdivisión cronológica 20th century.
9 (RLIN) 121
650 #0 - PUNTO DE ACCESO ADICIONAL DE MATERIA--TÉRMINO DE MATERIA
Término de materia o nombre geográfico como elemento de entrada Arte moderno
Subdivisión cronológica S. XX
Subdivisión general arte
9 (RLIN) 777
700 1# - ENTRADA AGREGADA--NOMBRE PERSONAL
Nombre de persona Stangos, Nikos.
9 (RLIN) 778
906 ## - ELEMENTOS DE DATOS F LOCAL, LDF (RLIN)
a 7
b cbc
c orignew
d 2
e ocip
f 19
g y-gencatlg
Holdings
Estatus retirado Estado de pérdida Fuente del sistema de clasificación o colocación Estado de daño No para préstamo Biblioteca de origen Biblioteca actual Ubicación en estantería Fecha de adquisición Total de préstamos Signatura topográfica completa Código de barras Visto por última vez Precio de reemplazo Tipo de ítem Koha
    Clasificación Decimal Dewey     Biblioteca LadoV Biblioteca LadoV   23/05/2014   709.04 C744c 000489 23/05/2014 23/05/2014 Material 01